Mathematical methods for physicists (Record no. 544178)

000 -LEADER
fixed length control field 00391nam a22001457a 4500
082 ## - DEWEY DECIMAL CLASSIFICATION NUMBER
Classification number 530
Author Mark ARF
-- N-01, P-45
100 ## - MAIN ENTRY--PERSONAL NAME
Personal name Arfken
9 (RLIN) 39733
245 ## - TITLE STATEMENT
Title Mathematical methods for physicists
Statement of responsibility, etc. Arfken
250 ## - EDITION STATEMENT
Edition statement 6th ed.
260 ## - PUBLICATION, DISTRIBUTION, ETC.
Place of publication, distribution, etc. Pakistan :
Name of publisher, distributor, etc. National Book Foundation,
Date of publication, distribution, etc. .
300 ## - PHYSICAL DESCRIPTION
Extent 1182 p. :
526 ## - STUDY PROGRAM INFORMATION NOTE
Program name 0
Interest level 0
Reading level 0
Title point value 530_000000000000000_ARF
650 ## - SUBJECT ADDED ENTRY--TOPICAL TERM
Topical term or geographic name entry element NUST
9 (RLIN) 6342
942 ## - ADDED ENTRY ELEMENTS (KOHA)
Source of classification or shelving scheme
Koha item type Book
Holdings
Withdrawn status Lost status Source of classification or shelving scheme Damaged status Not for loan Permanent Location Current Location Date acquired Total Checkouts Full call number Barcode Date last seen Price effective from Koha item type
          Military College of Engineering (MCE) Military College of Engineering (MCE) 04/15/2014   530 ARF MCE-38074 04/15/2014 04/15/2014 Book
© 2023 Central Library, National University of Sciences and Technology. All Rights Reserved.